Diccionario de símbolos
Gespeichert in:
| 1. Verfasser: | |
|---|---|
| Format: | Buch |
| Sprache: | Spanisch |
| Veröffentlicht: |
Barcelona
Paidos
1993
|
| Schriftenreihe: | Colección Paidos Lexicon
|
| Schlagworte: | |
| Tags: |
Tag hinzufügen
Keine Tags, Fügen Sie den ersten Tag hinzu!
|
MARC
| LEADER | 00000nam a2200000 a 4500 | ||
|---|---|---|---|
| 001 | UCY4809 | ||
| 003 | CL-VaPUC | ||
| 005 | 20220122074430.0 | ||
| 008 | 950329e19930000SP |||||||||||||||||spa|d | ||
| 999 | |c 232572 |d 232570 | ||
| 040 | |c Pontificia Universidad Católica de Valparaíso | ||
| 082 | 0 | 4 | |a 704.9 BIE 1993 |2 21 |
| 100 | 0 | |a Biedermann, Hans |9 333310 | |
| 245 | 1 | 0 | |a Diccionario de símbolos |
| 260 | |a Barcelona |b Paidos |c 1993 | ||
| 300 | |a 573 páginas | ||
| 490 | 0 | |a Colección Paidos Lexicon | |
| 583 | |a last modification |c 19950329 00:00:00 |k Rodrigo Vera | ||
| 650 | 0 | |a Símbolos |9 267425 | |
| 650 | 0 | |a Simbolismo |9 267046 | |
| 650 | 0 | |a Diccionarios |9 256200 | |
| 942 | |c BK |2 ddc | ||
| 945 | |d 19950329 00:00:00 |a rbrito | ||
| 952 | |0 0 |1 0 |2 ddc |4 0 |6 704_900000000000000_BIE_1993 |7 0 |8 X |9 237272 |a BIBEDU |b BIBEDU |d 2019-11-15 |i 3164675 |o 704.9 BIE 1993 |p 3164675 |r 2023-01-13 |t 2 |w 2019-11-15 |y BK_X |k FIL | ||